[Event "8th Amplico AIG Life Rapid"]
[Site "Warsaw POL"]
[Date "2008.12.20"]
[Round "8"]
[White "Lenic,L"]
[Black "Gritsak,O"]
[Result "1/2-1/2"]
[WhiteElo "2569"]
[BlackElo "2519"]

1.d4 Nf6 2.c4 e6 3.Nc3 d5 4.Nf3 c6 5.e3 Nbd7 6.Bd3 Bb4 7.Bd2 O-O 8.O-O dxc4
9.Bxc4 Bd6 10.e4 e5 11.Bg5 exd4 12.Qxd4 Bc5 13.Qd2 Nb6 14.Bd3 Be7 15.h3 Nfd7
16.Bxe7 Qxe7 17.Rfe1 Nc5 18.Rf1 Ncd7 19.Rad1 Nc5  1/2-1/2

[Event "8th Amplico AIG Life Rapid"]
[Site "Warsaw POL"]
[Date "2008.12.20"]
[Round "8"]
[White "Malakhatko,V"]
[Black "Genutis,M"]
[Result "1-0"]
[WhiteElo "2633"]
[BlackElo "2325"]

1.d4 d5 2.c4 c6 3.Nc3 Nf6 4.e3 e6 5.Nf3 Nbd7 6.Bd3 dxc4 7.Bxc4 b5 8.Bd3 a6
9.e4 c5 10.d5 c4 11.Bc2 e5 12.O-O Bc5 13.Ne2 h5 14.b3 cxb3 15.axb3 Ng4 16.h3 Qf6
17.Ng3 Nf8 18.Bd3 Rb8 19.Qc2 Bxf2+ 20.Rxf2 Nxf2 21.Qxf2 h4 22.Ne2 Ng6 23.Bg5 Qb6
24.Be3 Qb7 25.Bc5 Bd7 26.Bd6 Rc8 27.Nxe5 Nxe5 28.Bxe5 O-O 29.Qxh4 f5 30.Nf4 fxe4
31.Bxe4 Bf5 32.Bf3 Rfe8 33.Bd4 Be4 34.Bg4 Rc2 35.Be6+ Rxe6 36.dxe6 Bxg2 37.Ng6  1-0

[Event "ch-Paulista do Interior"]
[Site "Santos BRA"]
[Date "2008.12.21"]
[Round "6"]
[White "Santos,Marcu"]
[Black "Stamenkovic,Dr"]
[Result "1/2-1/2"]
[WhiteElo "2394"]
[BlackElo "2393"]

1.d4 Nf6 2.c4 c6 3.Nc3 d5 4.e3 e6 5.Nf3 Nbd7 6.Qc2 Bd6 7.g4 h6 8.h3 Qe7 9.Bd2 b6
10.cxd5 exd5 11.Bd3 Bb7 12.O-O-O O-O-O  1/2-1/2

[Event "10th Mirko Srajber Mem"]
[Site "Subotica SRB"]
[Date "2008.12.21"]
[Round "5"]
[White "Markus,Rob"]
[Black "Sedlak,N"]
[Result "1/2-1/2"]
[WhiteElo "2616"]
[BlackElo "2553"]

1.d4 d5 2.c4 c6 3.Nc3 e6 4.e3 Nf6 5.Nf3 a6 6.b3 Bb4 7.Bd2 Nbd7 8.Bd3 O-O
9.O-O Qe7 10.Qe1 a5 11.e4 dxc4 12.bxc4 e5  1/2-1/2

[Event "TCh-HUN 2008-9"]
[Site "Szombathely HUN"]
[Date "2008.12.21"]
[Round "4"]
[White "Hera,I"]
[Black "Varga,P1"]
[Result "1/2-1/2"]
[WhiteElo "2530"]
[BlackElo "2438"]

1.Nf3 d5 2.c4 c6 3.e3 Nf6 4.Nc3 e6 5.d4 Nbd7 6.Bd3 Bd6 7.O-O O-O 8.Qc2 h6
9.b3 b6 10.Bb2 Bb7 11.Rad1 Re8 12.Qe2 Qe7 13.e4 dxe4 14.Nxe4 Nxe4 15.Qxe4 Nf6
16.Qh4 Nh7 17.Qe4 Nf6 18.Qh4 Nh7 19.Qxe7 Rxe7 20.c5 Bc7 21.Ne5 Nf6  1/2-1/2

[Event "8th Amplico AIG Life Rapid"]
[Site "Warsaw POL"]
[Date "2008.12.21"]
[Round "10"]
[White "Jankovic,A"]
[Black "Kuraszkiewicz,M"]
[Result "0-1"]
[WhiteElo "2548"]
[BlackElo "2330"]

1.d4 d5 2.c4 c6 3.Nc3 Nf6 4.e3 e6 5.Nf3 Nbd7 6.Qc2 Bd6 7.g4 Bb4 8.Bd2 Bxc3
9.Bxc3 Ne4 10.Bd3 Nxc3 11.Qxc3 Qf6 12.Nd2 h5 13.gxh5 Rxh5 14.O-O-O a6 15.f4 c5
16.f5 e5 17.cxd5 exd4 18.exd4 Qxd4 19.Rhe1+ Kf8 20.Nc4 Qxc3+ 21.bxc3 b5 22.Nd6 Nf6
23.Rd2 Bd7 24.c4 bxc4 25.Bxc4 Bxf5 26.Nxf5 Rxf5 27.d6 Rf4 28.Bb3 Rd8 29.Rc2 Rxd6
30.Rxc5 g6 31.Rc7 Rd7 32.Rc6 a5 33.Ra6 Rc7+ 34.Kb2 Rc5 35.Rd1 Ng4 36.h3 Ne5
37.Ra7 Rf2+ 38.Kb1 Rf3 39.Rd8+ Kg7 40.Re8 Nd3 41.a4 Rc1+ 42.Ka2 Rf2+ 43.Ka3 Ra1+  0-1

[Event "8th Amplico AIG Life Rapid"]
[Site "Warsaw POL"]
[Date "2008.12.21"]
[Round "11"]
[White "Moranda,W"]
[Black "Sveshnikov,V"]
[Result "1/2-1/2"]
[WhiteElo "2536"]
[BlackElo "2386"]

1.d4 d5 2.c4 e6 3.Nc3 Nf6 4.Nf3 c6 5.e3 Nbd7 6.Qc2 Bd6 7.Bd3 O-O 8.O-O dxc4
9.Bxc4 e5 10.h3 exd4 11.exd4 Nb6 12.Bb3 Nbd5 13.Bg5 h6 14.Bh4 Be6 15.Rfe1 Re8
16.Ne5 Be7 17.Rad1 Nb4 18.Qb1 Bxb3 19.axb3 Nbd5 20.Qf5 Qb6 21.Rd3 Nxc3 22.bxc3 Qxb3
23.c4 Qc2 24.Qf3 a5 25.Re2 Qb1+ 26.Kh2 a4 27.c5 Qa1 28.Qf5 Qb1 29.Qf3 Qa1
30.Qf5 Qb1 31.Qf3 Qa1 32.Ree3 Qa2 33.Qf4 Nh5 34.Qf5 Bxh4 35.Qxh5 Bf6 36.Ng4 Bg5
37.Rf3 Qd5 38.g3 a3 39.h4 a2 40.hxg5 a1=Q 41.Ne5 Rxe5 42.dxe5 Qe6 43.Rd6 Qe7
44.e6 fxe6 45.gxh6 gxh6 46.Rf4 Qeg7 47.Rg4 Rf8 48.Rxg7+ Qxg7 49.f4  1/2-1/2

[Event "8th Amplico AIG Life Rapid"]
[Site "Warsaw POL"]
[Date "2008.12.21"]
[Round "12"]
[White "Akesson,R"]
[Black "Shirov,A"]
[Result "0-1"]
[WhiteElo "2484"]
[BlackElo "2726"]

1.d4 d5 2.c4 e6 3.Nc3 c6 4.e3 Nf6 5.Nf3 Nbd7 6.Qc2 Bd6 7.Be2 O-O 8.b3 e5
9.cxd5 cxd5 10.Nb5 Bb4+ 11.Bd2 Bxd2+ 12.Nxd2 e4 13.Rc1 Nb6 14.Qc7 Bd7 15.Qxd8 Rfxd8
16.f3 a6 17.Nc3 Rac8 18.Kf2 Rc6 19.fxe4 Rdc8 20.Nxd5 Rxc1 21.Rxc1 Rxc1 22.Nxb6 Rc2
23.Ke1 Rc1+ 24.Kf2 Rc2 25.Ke1 Bg4 26.e5 Bxe2 27.exf6 Bd3 28.a4 Rc1+ 29.Kf2 Rc2
30.Ke1 gxf6 31.Nd5 Rc1+ 32.Kf2 Rc2 33.Ke1 f5 34.Nf4 Rc1+ 35.Kf2 Rc2 36.Ke1 Rc1+
37.Kf2 Rd1 38.Nf3 Bc2 39.d5 Bxb3 40.Nd4 Bxa4 41.Nxf5 b5 42.Ke2 b4 43.Nd3 Rb1
44.Kd2 a5 45.Nd4 Rg1 46.Nc5 Rxg2+ 47.Kd3 Be8 48.h4 a4 49.Kc4 b3  0-1

[Event "8th Amplico AIG Life Rapid"]
[Site "Warsaw POL"]
[Date "2008.12.21"]
[Round "13"]
[White "Drozdovskij,Y"]
[Black "Popov,Val"]
[Result "0-1"]
[WhiteElo "2587"]
[BlackElo "2542"]

1.d4 d5 2.c4 e6 3.Nc3 c6 4.e3 Nf6 5.Nf3 a6 6.c5 Nbd7 7.Bd3 b6 8.cxb6 c5 9.b3 cxd4
10.exd4 Bd6 11.O-O O-O 12.Na4 Nxb6 13.Nc5 Nbd7 14.Qc2 a5 15.Ba3 Qb6 16.Rfe1 Ra7
17.Nxd7 Bxd7 18.Bc5 Bxc5 19.dxc5 Qb8 20.Ne5 Rc8 21.c6 Be8 22.Rac1 Qb6 23.Qc5 Qxc5
24.Rxc5 Kf8 25.f4 Ke7 26.Rec1 Kd6 27.Kf2 h6 28.Ke3 Raa8 29.g3 Ng8 30.Bb5 f6
31.Nf3 Ne7 32.c7 Bxb5 33.Rxb5 Rxc7 34.Rb6+ Rc6 35.Rcxc6+ Nxc6 36.Nd4 Rc8
37.Ra6 e5 38.fxe5+ fxe5 39.Nxc6 Rxc6 40.Rxa5 Rc3+ 41.Kd2 d4 42.Ra8 Kd5 43.b4 e4
44.Rd8+ Kc4 45.b5 e3+ 46.Ke2 Rc2+ 47.Kd1 Rxa2 48.b6 Rb2 49.Rc8+ Kd3  0-1

[Event "8th Amplico AIG Life Rapid"]
[Site "Warsaw POL"]
[Date "2008.12.21"]
[Round "13"]
[White "Moranda,W"]
[Black "Sieciechowicz,M"]
[Result "1/2-1/2"]
[WhiteElo "2536"]
[BlackElo "2321"]

1.d4 d5 2.c4 c6 3.Nc3 Nf6 4.e3 e6 5.Nf3 Nbd7 6.Qc2 Bd6 7.Bd3 O-O 8.O-O Qe7
9.c5 Bc7 10.e4 dxe4 11.Nxe4 Nxe4 12.Bxe4 Nf6 13.Re1 h6 14.Bd2 Nd5 15.Rad1 Bd7
16.b4 f5 17.Bxd5 cxd5 18.Ne5 Qe8 19.Qc3 a5 20.Qg3 Kh7 21.bxa5 Bxa5 22.Bxa5 Rxa5
23.a3 Bc6 24.Rb1 Rf6 25.Qc3 Qa8 26.Rb3 Qa6 27.h4 Rb5 28.Rxb5 Qxb5 29.Qb4 Rf8
30.h5 Ra8 31.Ng6 Qd3 32.Nf4 Qxa3 33.Qxa3 Rxa3 34.Rxe6 Ra1+ 35.Kh2 Rd1 36.Re7 Rxd4
37.Ne6 Re4 38.f3 Rc4 39.Nxg7 Kg8 40.Nxf5 Rxc5 41.Nxh6+ Kf8 42.Rf7+ Ke8 43.Rf5 b6
44.Rf6 d4 45.Nf5 Bd7 46.Ng3 b5 47.h6 Ke7 48.Rf4 d3 49.Rd4 Rc6 50.Rxd3 Rxh6+
51.Kg1 b4 52.Ne4 Rb6 53.Rd2 Bf5 54.Rb2 Bxe4 55.fxe4 Kd6 56.Kf2 Ke5 57.Ke3 Rg6  1/2-1/2

[Event "Open A"]
[Site "Groningen NED"]
[Date "2008.12.22"]
[Round "2"]
[White "Van Kooten,L"]
[Black "Biedekoepper,R"]
[Result "1/2-1/2"]
[WhiteElo "2263"]
[BlackElo "2133"]

1.d4 d5 2.c4 c6 3.Nc3 Nf6 4.Nf3 e6 5.e3 Nbd7 6.Qc2 Bd6 7.g4 dxc4 8.Bxc4 b5
9.Be2 Bb7 10.g5 Nd5 11.Ne4 Be7 12.Bd2 Qb6 13.Rc1 a5 14.Nc5 Nxc5 15.dxc5 Qc7
16.Qe4 Bc8 17.h4 h6 18.Nd4 hxg5 19.hxg5 Rxh1+ 20.Qxh1 Bxg5 21.Qh8+ Ke7 22.Qxg7 Bf6
23.Qg4 Bd7 24.Bf3 Qe5 25.Ke2 b4 26.Qe4  1/2-1/2

[Event "Open A"]
[Site "Groningen NED"]
[Date "2008.12.23"]
[Round "3"]
[White "Danielian,E"]
[Black "Kuipers,S"]
[Result "1-0"]
[WhiteElo "2513"]
[BlackElo "2292"]

1.Nf3 d5 2.c4 c6 3.e3 Nf6 4.Nc3 e6 5.d4 Nbd7 6.Qc2 Bd6 7.Bd3 O-O 8.O-O h6
9.Rd1 Qe7 10.e4 dxe4 11.Nxe4 Nxe4 12.Bxe4 f5 13.Bd3 c5 14.b4 cxd4 15.c5 Bc7
16.Bb2 e5 17.Bxf5 Rxf5 18.Qxf5 Nxc5 19.Qc2 Na6 20.a3 Bg4 21.Qe4 Bxf3 22.Qxf3 Rf8
23.Qxb7 e4 24.Qd5+ Kh8 25.Bxd4  1-0

[Event "Open A"]
[Site "Groningen NED"]
[Date "2008.12.23"]
[Round "3"]
[White "Vogel,Ja"]
[Black "Biedekoepper,R"]
[Result "1/2-1/2"]
[WhiteElo "2233"]
[BlackElo "2133"]

1.Nf3 d5 2.d4 Nf6 3.c4 c6 4.e3 e6 5.Nc3 Nbd7 6.b3 Bb4 7.Bd2 Qe7 8.Qc2 O-O
9.Be2 e5 10.a3 Bd6 11.cxd5 Nxd5 12.b4 Nxc3 13.Bxc3 e4 14.Nd2 Nf6 15.Nc4 Bc7
16.b5 Nd5 17.bxc6 bxc6 18.Bd2 a5 19.Rb1 Re8 20.g3  1/2-1/2

[Event "Open A"]
[Site "Groningen NED"]
[Date "2008.12.24"]
[Round "4"]
[White "Hopman,P"]
[Black "Danielian,E"]
[Result "1/2-1/2"]
[WhiteElo "2319"]
[BlackElo "2513"]

1.d4 d5 2.e3 Nf6 3.c4 c6 4.Nc3 e6 5.Nf3 Nbd7 6.Bd3 dxc4 7.Bxc4 b5 8.Bd3 Bd6
9.e4 e5 10.O-O O-O 11.Bg5 exd4 12.Nxd4 Ne5 13.Bc2 Bg4 14.f3 Bc5 15.Ne2 Qb6
16.fxg4 Rad8 17.Bxf6 gxf6 18.Kh1 Bxd4 19.Qe1 Ng6 20.Ng3  1/2-1/2

[Event "Open A"]
[Site "Groningen NED"]
[Date "2008.12.24"]
[Round "4"]
[White "Biedekoepper,R"]
[Black "Clemens,A"]
[Result "0-1"]
[WhiteElo "2133"]
[BlackElo "2261"]

1.d4 d5 2.c4 c6 3.Nf3 Nf6 4.Nc3 e6 5.e3 Nbd7 6.Qc2 Bd6 7.g4 h6 8.Bd2 dxc4
9.Bxc4 b5 10.Bd3 Bb7 11.e4 Be7 12.Rg1 Rc8 13.e5 b4 14.Ne4 Nxe4 15.Bxe4 Qb6
16.Rc1 c5 17.Bxb7 Qxb7 18.Rg3 O-O 19.Qd3 cxd4 20.Qxd4 Rxc1+ 21.Bxc1 Nc5 22.Rh3 Rd8
23.Qc4 Nd3+ 24.Ke2 Nxc1+ 25.Qxc1 Qb5+ 26.Ke1 b3 27.a3 Bxa3 28.bxa3 b2 29.Qb1 Rc8  0-1

[Event "1st Asian Clubs"]
[Site "Al Ain UAE"]
[Date "2008.12.25"]
[Round "1"]
[White "El Gindy,E"]
[Black "Ghassan,H"]
[Result "1-0"]
[WhiteElo "2526"]
[BlackElo "2013"]

1.d4 d5 2.c4 e6 3.Nc3 Nf6 4.Nf3 c6 5.e3 Be7 6.Qc2 O-O 7.Bd2 Nbd7 8.e4 dxe4
9.Nxe4 Nxe4 10.Qxe4 Nf6 11.Qc2 Re8 12.Bd3 h6 13.O-O-O a5 14.Kb1 a4 15.Rhg1 b5
16.c5 Nd5 17.Ne5 Bb7 18.Bh7+ Kf8 19.Bg6 Bf6 20.Nxf7 Qc7 21.Nd6 Re7 22.Qe4 b4
23.Bh5 a3 24.b3 g5 25.Bf3 Ba6 26.h4 Rg7 27.hxg5 hxg5 28.Rh1 Ra7 29.Rh8+ Rg8
30.Rxg8+ Kxg8 31.Qxe6+ Kf8  1-0

[Event "1st Asian Clubs"]
[Site "Al Ain UAE"]
[Date "2008.12.26"]
[Round "2"]
[White "Dao Thien Hai"]
[Black "Amanov,M"]
[Result "1/2-1/2"]
[WhiteElo "2510"]
[BlackElo "2357"]

1.d4 d5 2.c4 c6 3.Nf3 Nf6 4.Nc3 e6 5.e3 Nbd7 6.Qc2 Bd6 7.b3 O-O 8.Be2 dxc4
9.bxc4 e5 10.O-O Qe7 11.Rd1 e4 12.Ng5 Re8 13.c5 Bc7 14.Bc4 Bxh2+ 15.Kf1 Nd5
16.Qxe4 Qxe4 17.Ngxe4 Nxc3 18.Nxc3 Nf6 19.Rb1 Bc7 20.Bd2 b6 21.cxb6 axb6
22.Rdc1 Ba6 23.Bxa6 Rxa6 24.Nb5 cxb5 25.Rxc7 Rxa2 26.Be1 b4 27.Rc6 Nd5 28.Bxb4 f5
29.g3 g5 30.Be1 Raa8 31.Rb5 Rad8 32.Bb4 Nxb4 33.Rxb4 f4 34.gxf4 gxf4 35.Ke2 fxe3
36.fxe3 h5 37.Rcxb6 Kg7 38.Rb7+ Kg8 39.Ra4 Rd6 40.Rb5 Rh6 41.Rg5+ Kh8 42.Ra1 h4
43.Rh1 Rg8 44.Rxg8+ Kxg8 45.Kf3 Kf7 46.Rh3 Kf6 47.Kf4 Rh8 48.Kg4 Rg8+ 49.Kf4 Rh8
50.Rf3 Ke6 51.Kg4 Kd5 52.Rf4 Kd6 53.e4 h3 54.Rf6+ Ke7 55.Rf1 h2 56.Rh1 Kd6
57.Kg3 Re8 58.Kf3 Rf8+ 59.Kg2 Rf4 60.Re1 Rh4 61.Kh1 Ke6 62.d5+ Ke5 63.Re2 Kd6
64.Re1 Ke5 65.Rd1 Kxe4 66.d6 Rh8 67.d7 Rd8  1/2-1/2

[Event "1st Asian Clubs"]
[Site "Al Ain UAE"]
[Date "2008.12.26"]
[Round "2"]
[White "Abdul Moula,S"]
[Black "Balram,N"]
[Result "1-0"]
[WhiteElo "2163"]
[BlackElo "1909"]

1.d4 d5 2.Nf3 Nf6 3.c4 c6 4.Nc3 e6 5.e3 Be7 6.Bd3 dxc4 7.Bxc4 b5 8.Bd3 a6
9.a4 Bb7 10.O-O Nbd7 11.Qe2 b4 12.Nb1 a5 13.Nbd2 O-O 14.Rd1 Qc7 15.b3 c5
16.Bb2 Rfd8 17.Rac1 Rac8 18.Nc4 Bd5 19.e4 Bxc4 20.Bxc4 Qf4 21.e5 Nd5 22.Rc2 N7b6
23.Ba6 Rc7 24.h3 Qf5 25.Rdc1 Nf4 26.Qb5 Nbd5 27.dxc5 Nxh3+ 28.Kf1 Nhf4 29.Ng1 Qg4
30.g3 Ne3+ 31.fxe3 Rd1+ 32.Kf2 Nd3+ 33.Qxd3 Rxd3 34.Bxd3 h5 35.Rc4 Qg5 36.Nf3 Qh6
37.c6 g5 38.Bd4 g4 39.Nh4 Rc8 40.c7 f5 41.Rc6 f4 42.Rxe6 Qf8 43.Rg6+  1-0

[Event "1st Asian Clubs"]
[Site "Al Ain UAE"]
[Date "2008.12.27"]
[Round "3"]
[White "Tamra,A"]
[Black "Baek,W"]
[Result "1-0"]
[WhiteElo "2092"]
[BlackElo "1681"]

1.d4 d5 2.c4 c6 3.Nf3 Nf6 4.Nc3 e6 5.e3 Nbd7 6.b3 Bd6 7.Bd3 e5 8.cxd5 Bb4
9.Qc2 Bxc3+ 10.Qxc3 e4 11.dxc6 a6 12.cxd7+ Bxd7 13.Be2 Nd5 14.Qd2 exf3 15.Bxf3 Bf5
16.e4 Qe7 17.O-O  1-0

[Event "17th Donau Open"]
[Site "Aschach AUT"]
[Date "2008.12.27"]
[Round "2"]
[White "Knoll,H"]
[Black "Dumancic,P"]
[Result "1-0"]
[WhiteElo "2371"]
[BlackElo "2143"]

1.d4 Nf6 2.c4 e6 3.Nf3 d5 4.Nc3 c6 5.e3 Nbd7 6.Qc2 Bd6 7.Be2 O-O 8.O-O dxc4
9.Bxc4 b5 10.Be2 Bb7 11.Rd1 b4 12.Na4 Qe7 13.e4 e5 14.dxe5 Nxe5 15.Nd4 Bc7
16.Nf5 Qe8 17.f4 Ng6 18.e5 Nd5 19.Rxd5 cxd5 20.Qxc7 Bc8 21.Nd4 Qxa4 22.Be3 Qd7
23.Qa5 Bb7 24.Qxb4 a5 25.Qd2 Ba6 26.Bd1 Rfb8 27.h3 a4 28.Bg4 Qb7 29.b3 axb3
30.axb3 Bb5 31.Re1 Bd7 32.Bd1 Ra1 33.Bf2 Rba8 34.f5 R8a2 35.Qe3 Nf8 36.e6 fxe6
37.fxe6 Be8 38.e7 Ng6 39.Qe6+ Kh8 40.Nf5 d4 41.Nd6 Qxe7 42.Qxe7 Nxe7 43.Nxe8 Nf5
44.Rf1 Rd2 45.Bg4 Rxf1+ 46.Kxf1 Ne3+ 47.Bxe3 dxe3 48.Bf3 Rb2 49.Bd5 g5 50.Nc7 Kg7
51.Bc4 Rf2+ 52.Kg1 Rc2 53.Ne6+ Kf6 54.Nd4 Rc1+ 55.Kh2 h5 56.Kg3 Rd1 57.Nc2 e2
58.Kf2 Rd2 59.Ne1 Rb2 60.Ke3 h4 61.Kf2 Kf5 62.Bd3+ Ke5 63.Bc2 Kd4 64.Kxe2 Kc3
65.Ke3 Ra2 66.Be4 Ra1 67.Nf3 Ra5 68.Nd4 Re5 69.b4 Kc4 70.Nf3 Re8 71.Nxg5 Kxb4
72.Kf4 Kc4 73.Kg4 Rh8 74.Bh7 Kd4 75.Kxh4 Rb8 76.Kg4 Ke5 77.h4 Kf6 78.Kf4 Kg7
79.g4 Re8 80.h5 Kh6 81.Bg6 Rf8+ 82.Nf7+ Kg7 83.Kg5  1-0

[Event "17th Donau Open"]
[Site "Aschach AUT"]
[Date "2008.12.27"]
[Round "2"]
[White "Shengelia,D"]
[Black "Sucher,J"]
[Result "1-0"]
[WhiteElo "2547"]
[BlackElo "2192"]

1.d4 d5 2.Nf3 Nf6 3.c4 e6 4.Nc3 c6 5.e3 Bd6 6.Bd3 O-O 7.O-O Nbd7 8.e4 dxc4
9.Bxc4 e5 10.Bg5 exd4 11.Qxd4 Bc5 12.Qd2 h6 13.Bh4 Nb6 14.Bd3 Be7 15.Rad1 Nh5
16.Bxe7 Qxe7 17.e5 Bg4 18.Qe3 Bxf3 19.Qxf3 Qxe5 20.Rfe1 Qa5 21.Re7 Qb4 22.Rxb7 Nf6
23.b3 Rfb8 24.Rxb8+ Rxb8 25.Ne4 Nxe4 26.Qxe4 Qxe4 27.Bxe4 c5 28.h4 Kf8 29.Rc1 Rc8
30.Bb7 Rc7 31.Ba6 Ke7 32.a4 Nd5 33.Re1+ Kf6 34.Re8 Re7 35.Rd8 Ke5 36.g3 Nc7
37.Bc4 Ne6 38.Rd5+ Kf6 39.f4 Rc7 40.Kf2 Ke7 41.Ke3 f6 42.Ke4 Rc6 43.Kf5 Nf8
44.h5 Rc7 45.a5 Rc6 46.Bb5 Rd6 47.Ke4 Ne6 48.Bc4 Rc6 49.Kf5 Nf8 50.Rd3 Rc7
51.Bb5 Rb7 52.Ba4 Rb8 53.Rd5 Rc8 54.Ke4 Rc7 55.Kd3 Ne6 56.Kc4 Rb7 57.Bb5 Rc7
58.a6 Nd4 59.Ba4 Ne6 60.f5 Nd4 61.b4 Ne2 62.b5 Nxg3 63.b6 axb6 64.Rd7+ Rxd7
65.Bxd7  1-0

[Event "5th IRT"]
[Site "Merlo ARG"]
[Date "2008.12.27"]
[Round "5"]
[White "Tomeo,N"]
[Black "Pagano,M"]
[Result "1-0"]
[WhiteElo "2043"]
[BlackElo "2049"]

1.d4 d5 2.Nf3 Nf6 3.c4 c6 4.Nc3 e6 5.e3 Nbd7 6.Qc2 Bd6 7.g4 dxc4 8.Bxc4 e5
9.Bd2 exd4 10.Nxd4 Ne5 11.Be2 Nexg4 12.h3 Ne5 13.O-O-O Qe7 14.Rdg1 g6 15.f4 Ned7
16.Bf3 Nb6 17.e4 Bc5 18.Nce2 Be6 19.Rg5 Bb4 20.Be3 Bxa2 21.Re5 Be6 22.Nxe6 fxe6
23.Qb3 O-O-O 24.Rxe6 Qf8 25.Rxf6 Qxf6 26.Qxb4 Rhe8 27.Bd4 Qf7 28.Bg4+ Kb8
29.Bf3  1-0

[Event "35th Eastern Open"]
[Site "Washington DC USA"]
[Date "2008.12.27"]
[Round "1"]
[White "Ludwig,Dan"]
[Black "Ostrovskiy,Al"]
[Result "1-0"]
[WhiteElo "2400"]
[BlackElo "2113"]

1.d4 d5 2.c4 c6 3.Nc3 Nf6 4.e3 e6 5.Nf3 Nbd7 6.Qc2 Be7 7.Bd3 dxc4 8.Bxc4 a6
9.e4 c5 10.e5 Nd5 11.Bxd5 exd5 12.O-O cxd4 13.Nxd5 O-O 14.Bf4 Nb6 15.Nxe7+ Qxe7
16.Rad1 Be6 17.Rxd4 Rac8 18.Qb1 h6 19.Bd2 Rfd8 20.Bb4 Qe8 21.Rfd1 Rxd4 22.Nxd4 Rd8
23.Ba5  1-0

[Event "Christmas Master Open"]
[Site "Zurich SUI"]
[Date "2008.12.27"]
[Round "3"]
[White "Kwossek,G"]
[Black "Meyer,Pet SUI"]
[Result "1-0"]
[WhiteElo "1993"]
[BlackElo "2060"]

1.d4 d5 2.Nf3 c6 3.c4 e6 4.e3 Nf6 5.Nc3 Nbd7 6.Bd3 dxc4 7.Bxc4 b5 8.Bd3 a6
9.e4 c5 10.d5 c4 11.Bc2 Qc7 12.dxe6 fxe6 13.O-O Bb7 14.e5 Nd5 15.Ng5 Nxc3
16.Qh5+ g6 17.Bxg6+ hxg6 18.Qxg6+ Kd8 19.Nxe6+ Kc8 20.Qe8+  1-0

[Event "Open A"]
[Site "Groningen NED"]
[Date "2008.12.28"]
[Round "7"]
[White "Vogel,Ja"]
[Black "Dehn,M"]
[Result "1/2-1/2"]
[WhiteElo "2233"]
[BlackElo "2137"]

1.d4 d5 2.Nf3 c6 3.c4 e6 4.e3 Nf6 5.Nc3 Nbd7 6.Qc2 Be7 7.b3 O-O 8.Be2 b6
9.O-O Bb7 10.Bb2 Qb8 11.Rfd1 Bd6 12.h3 dxc4 13.bxc4 e5 14.Ng5 exd4 15.exd4 Bh2+
16.Kh1 Bf4 17.Nf3 Re8 18.Bd3 Qc7 19.Re1 Bd6 20.Ng5 Nf8 21.Nce4 Nxe4 22.Rxe4 Rxe4
23.Nxe4  1/2-1/2

[Event "World Open"]
[Site "Leon ESP"]
[Date "2008.12.28"]
[Round "8"]
[White "Lafuente,P"]
[Black "Shirov,A"]
[Result "0-1"]
[WhiteElo "2522"]
[BlackElo "2726"]

1.d4 d5 2.c4 c6 3.Nf3 Nf6 4.Nc3 e6 5.e3 Nbd7 6.Qc2 Bd6 7.Bd3 O-O 8.O-O dxc4
9.Bxc4 b5 10.Be2 Bb7 11.Rd1 Qb8 12.e4 e5 13.g3 Re8 14.dxe5 Nxe5 15.Bg5 Neg4
16.Nd4 b4 17.Na4 Nxf2 18.Bxf6 Nxd1 19.Rxd1 gxf6 20.Nf5 Bf8 21.Bc4 Bc8 22.Qb3 Be6
23.Bxe6 Rxe6 24.Rd7 Qe8 25.Qd3 Rxe4 26.Kg2 Qe6  0-1

[Event "Czech Christmas"]
[Site "Litomysl CZE"]
[Date "2008.12.28"]
[Round "3"]
[White "Plat,V"]
[Black "Novotny,M1"]
[Result "1/2-1/2"]
[WhiteElo "2411"]
[BlackElo "2272"]

1.Nf3 Nf6 2.c4 e6 3.Nc3 d5 4.d4 c6 5.e3 Bd6 6.Bd3 Nbd7 7.O-O O-O 8.e4 dxe4
9.Nxe4 Nxe4 10.Bxe4 f5 11.Bc2 e5 12.Ng5 Nf6 13.c5 Bc7 14.dxe5 Bxe5 15.Bb3+ Nd5
16.Bxd5+ cxd5 17.Nf3 Bf6 18.Rb1 d4 19.b3 Qd5 20.Bb2 Rd8 21.Rc1 b6 22.c6 Ba6
23.c7 Rd7 24.Qd2 Rc8 25.Rfd1 Rcxc7 26.Rxc7 Rxc7 27.Bxd4 Bxd4 28.Qxd4 Qxd4
29.Nxd4 Rd7 30.f4 Kf7 31.Kf2 Kf6 32.Rd2 Bb7 33.g3 Be4 34.Nf3 Rxd2+ 35.Nxd2 Bd5
36.Ke3 Ke6 37.Kd4 Kd6 38.Nf1 Be6 39.Ne3 g6 40.Kc3 Kc5 41.a3 Bf7 42.h4 Be6
43.Nc2 Kd5 44.Kd3 Bc8 45.Nd4 a5 46.Ke3 Bd7 47.Nf3 a4 48.bxa4 Bxa4 49.Ne5 Bb5
50.Nf7 Be8 51.Ne5 Bc6 52.Nf7  1/2-1/2

[Event "38th Rilton Cup 2008-9"]
[Site "Stockholm SWE"]
[Date "2008.12.28"]
[Round "2"]
[White "Bogner,S"]
[Black "Gagarin,V"]
[Result "1/2-1/2"]
[WhiteElo "2448"]
[BlackElo "2390"]

1.d4 d5 2.c4 c6 3.Nc3 Nf6 4.Nf3 e6 5.e3 Nbd7 6.Bd3 dxc4 7.Bxc4 b5 8.Be2 Bd6
9.O-O O-O 10.e4 e5 11.d5 cxd5 12.Nxb5 Bb8 13.exd5 a6 14.Nc3 Nb6 15.Bg5 Nbxd5
16.Nxd5 Qxd5 17.Qxd5 Nxd5 18.Rfd1 Bb7 19.Bc4 Nf4 20.Bxf4 Bxf3 21.gxf3 exf4
22.Rd5 Bc7 23.Re1 Bd8 24.b3 Bf6 25.Re4 a5 26.Rxf4 Ra7 27.Bd3 Rd8 28.Rfd4 Raa8
29.Rxd8+ Rxd8 30.Re4 Kf8 31.Bb5 Bd4 32.Kf1 g6 33.Re2 Bc5 34.Rc2 Rd5 35.Bc6 Rh5
36.h3 Ke7 37.Be4 Bd6 38.Re2 Kf6 39.Rd2 Ke7 40.Kg2 Rg5+ 41.Kf1 Rh5 42.Rd5 Rxd5
43.Bxd5 g5 44.Ke2 Bc5 45.f4 gxf4 46.f3 h5 47.Kd3 Bf2 48.Kc4 h4 49.b4 axb4
50.Kxb4 Kd6 51.Bxf7 Kc6 52.Ka5 Kb7 53.Bd5+ Ka7 54.Kb5 Be1 55.a3 Bf2 56.a4 Be1
57.a5 Bf2 58.a6 Be1 59.Bb7 Bf2 60.Kc6  1/2-1/2

[Event "1st Asian Clubs"]
[Site "Al Ain UAE"]
[Date "2008.12.29"]
[Round "5"]
[White "Tirto"]
[Black "Noroozi,O"]
[Result "1-0"]
[WhiteElo "2406"]
[BlackElo "2314"]

1.d4 d5 2.c4 e6 3.Nf3 c6 4.e3 Nf6 5.Nc3 Nbd7 6.Qc2 b6 7.b3 Bb7 8.Bd3 Bd6
9.Bb2 Qe7 10.O-O O-O 11.Rfe1 Rac8 12.Rad1 h6 13.e4 dxe4 14.Nxe4 Bb4 15.Re2 Rfd8
16.Qc1 Nxe4 17.Bxe4 Qf8 18.Bb1 Be7 19.Qc2 g6 20.d5 e5 21.dxc6 Bxc6 22.Nxe5 Nxe5
23.Bxe5 b5 24.Rxd8 Rxd8 25.h3 bxc4 26.bxc4 Bc5 27.h4 Bd4 28.Bf4 Qc5 29.Rd2 Re8
30.Re2 Rd8 31.Bg3 Qh5 32.Rd2 Bf6 33.Rxd8+ Bxd8 34.Qb3 Bb6 35.Bd3 Qg4 36.Bf1 Qd4
37.Qb4 Qg4 38.Qd6 Qd7 39.Qf4 Kh7 40.Qe5 Bd4 41.Qf4 Bg7 42.Qe3 Qb7 43.Qc5 Be4
44.Qb5 Qe7 45.c5 Qe6 46.Qa6 Qd7 47.Qd6 Qa4 48.Qa6 Qd7 49.Qb5 Bc6 50.Qd3 Qe8
51.h5 Be4 52.hxg6+ fxg6 53.Qd6 Qc6 54.Qe7 Qb7 55.Bc7 Bd5 56.a3 Qb2 57.Qd7 Bb3
58.c6 Qa1 59.Qd3 Be6 60.Bg3 Bf5 61.Qe3 a5 62.c7 a4 63.Qf4 Qc3 64.Ba6 Qxa3
65.Qxf5 Qc1+ 66.Kh2 gxf5 67.c8=Q Qxc8 68.Bxc8 Kg6 69.Be6 Bd4 70.f3 Kf6 71.Bd5 Be5
72.Bxe5+ Kxe5 73.Bg8 Kf4 74.Kh3 Kg5 75.g3 f4 76.g4 a3 77.Ba2 h5 78.gxh5 Kxh5
79.Bb3 Kg5 80.Kg2 Kh4 81.Be6 Kg5 82.Kf2 Kh4 83.Kg2 Kg5 84.Kh3 Kh5 85.Kg2 Kg5
86.Kf1 Kf6 87.Ba2  1-0

[Event "1st Asian Clubs"]
[Site "Al Ain UAE"]
[Date "2008.12.29"]
[Round "5"]
[White "Karthikeyan,P"]
[Black "Paragua,M"]
[Result "0-1"]
[WhiteElo "2426"]
[BlackElo "2526"]

1.d4 d5 2.c4 c6 3.Nc3 Nf6 4.Nf3 e6 5.e3 Nbd7 6.Qc2 Bd6 7.Bd3 e5 8.cxd5 cxd5
9.Nb5 Bb4+ 10.Bd2 Bxd2+ 11.Nxd2 O-O 12.O-O a6 13.dxe5 Nxe5 14.Nd4 Bg4 15.Bf5 Bxf5
16.Qxf5 Re8 17.Rfc1 g6 18.Qc2 Rc8 19.Qb3 Qe7 20.N4f3 Nc6 21.Qb6 Nb4 22.Rxc8 Rxc8
23.a3 Nc2 24.Rd1 d4 25.Nxd4 Nxd4 26.Qxd4 Rd8 27.Qa4 Qd6 28.Kf1 Qd5 29.Ke2 Qxg2
30.Nf3 Rxd1 31.Qxd1 Ng4 32.Qd8+ Kg7 33.Qh4 h5 34.e4 Qh1 35.h3 Nh6 36.e5 Ng8
37.Qf4 Qxh3 38.Qxf7+ Kxf7 39.Ng5+ Ke7 40.Nxh3 Ke6 41.f4 Kf5 42.Kf3 Ne7 43.Ng1 Nc6
44.Ne2 h4 45.Kg2 g5 46.fxg5 Nxe5 47.Kh3 Kxg5 48.Nd4 Nd3 49.b4 Kf6 50.Nb3 Ke6
51.Na5 b6 52.Nc4 b5 53.Nd2 Kd5 54.Kxh4 Ne1 55.Nb3 Nc2 56.Kg3 Nxa3 57.Nc5 a5
58.Nd3 a4 59.Kf3 Nc2 60.Ke2 a3  0-1

[Event "1st Asian Clubs"]
[Site "Al Ain UAE"]
[Date "2008.12.29"]
[Round "5"]
[White "Tamra,A"]
[Black "Ayyad,M"]
[Result "0-1"]
[WhiteElo "2092"]
[BlackElo "2148"]

1.d4 d5 2.c4 e6 3.Nf3 c6 4.Nc3 Nf6 5.e3 Nbd7 6.b3 Bd6 7.Bd3 O-O 8.e4 Bb4
9.Bd2 Bxc3 10.Bxc3 dxe4 11.Be2 exf3 12.Bxf3 Qc7 13.O-O e5 14.Re1 Re8 15.Qc2 e4
16.Bxe4 Nxe4 17.Rxe4 Rxe4 18.Qxe4 Nf6 19.Qh4 Bf5 20.Re1 Re8 21.Rxe8+ Nxe8
22.Qg5 Qd7 23.h3 h6 24.Qf4 Kh7 25.g4 Bb1 26.Qc1 Bg6 27.Qf4 b5 28.Qe5 bxc4
29.bxc4 Qe6 30.d5 cxd5 31.cxd5 Qxe5 32.Bxe5 Be4 33.d6 Bc6 34.Kf1 f6 35.Bf4 Kg8
36.Ke2 Kf7 37.Kd3 Ke6 38.Kd4 g5 39.Bg3 Bg2 40.Kc5 Bxh3  0-1

[Event "1st Asian Clubs"]
[Site "Al Ain UAE"]
[Date "2008.12.29"]
[Round "5"]
[White "Mohammad,Sam"]
[Black "Gundavaa,B"]
[Result "0-1"]
[WhiteElo "2391"]
[BlackElo "2458"]

1.d4 d5 2.c4 c6 3.Nf3 Nf6 4.Nc3 e6 5.e3 Nbd7 6.Bd3 dxc4 7.Bxc4 b5 8.Bd3 a6
9.e4 c5 10.e5 cxd4 11.Nxb5 axb5 12.exf6 gxf6 13.O-O Qb6 14.Qe2 Bb7 15.Bxb5 Rg8
16.Bf4 Bd6 17.Bg3 f5 18.Rfd1 f4 19.Bh4 Ra5 20.a4 Rxb5 21.axb5 Ne5 22.Nxe5 Rxg2+
23.Kf1 Rxh2 24.Nf3 Rh1+ 25.Kg2 Rxh4 26.Rh1 Qd8 27.Rhg1 Rg4+ 28.Kf1 Rxg1+
29.Kxg1 Qf6 30.Qd3 Qg7+ 31.Kf1 Qg4 32.Ne1 f3 33.Qxh7 d3 34.Qh8+ Kd7 35.Ra7 Qe4
36.Rxb7+ Qxb7 37.Qd4 d2 38.Qxd2 Qxb5+ 39.Qd3 Qxd3+ 40.Nxd3 e5 41.b3 e4 42.Nb2 Ke6
43.Nc4 f5 44.Ke1 Bb4+ 45.Kf1 f4  0-1